| 000 | 00812nam a22002297a 4500 | ||
|---|---|---|---|
| 005 | 20150730111823.0 | ||
| 010 | _aB-464454 ENG-113278 | ||
| 020 |
_a9788132106937 _c750.00 |
||
| 035 | _aB-464454 | ||
| 035 | _aEN-96810 | ||
| 037 |
_adpl _bK.K.Pub/Ven |
||
| 037 | _bDBAD/PUB | ||
| 082 | _a333.750954 | ||
| 100 | _aTucker, Richard P. | ||
| 245 |
_aA forest history of India / _cby Richard P. Tucker |
||
| 260 |
_aNew Delhi _bSage Publications _c2011 |
||
| 270 |
_aB1/1-1 Mohan Cooperative Industrial Area Mathura Road _bNew Delhi _e110044 |
||
| 300 |
_axviii,249p. _c23cm(Hb) |
||
| 500 | _aIncludes bibliographical references and index | ||
| 942 |
_2ddc _cEN _h333.750954 _mTUC |
||
| 999 |
_c69696 _d69696 |
||